| 000 | 00918nmm a2200253 a 4500 | ||
|---|---|---|---|
| 001 | ocm000884722 | ||
| 003 | TR-IsHL | ||
| 005 | 20201028144437.0 | ||
| 008 | 140311s2010 tu tur | ||
| 007 | cr cn | ||
| 035 |
_a884722 _b(N$T) |
||
| 050 | 0 | 4 |
_aPN5355.T9 _bK57 2010 |
| 090 | 0 | 4 |
_aPN5355.T9 _bK57 2010 |
| 245 | 1 | 0 |
_aKırıkkale'de basının öncüsü: Selim Pehlivanlı, makaleler _h[electronic resource] / _chaz. Hamit Pehlivanlı |
| 260 |
_aKırıkkale : _bKırıkkale Üniversitesi Yayınları, _c2010 |
||
| 300 | _a276 p. | ||
| 650 | 4 | _aDil ve Edebiyat | |
| 650 | 4 | _aLanguage and Literature | |
| 650 | 0 |
_aGazetecilik _x Kırıkkale (Türkiye) |
|
| 650 | 0 |
_aJournalism _x Kırıkkale (Turkey) |
|
| 650 | 7 |
_aLANGUAGE ARTS & DISCIPLINES / Journalism _2bisacsh |
|
| 700 | 1 | _aPehlivanlı, Hamit | |
| 856 | 4 | 0 | _uhttp://search.ebscohost.com/login.aspx?direct=true&scope=site&db=e011xww&AN=884722 |
| 999 |
_c9428 _d9428 |
||